000 00707nam a22001817a 4500
005 20240131171609.0
010 _aHIN-126668
020 _a9789395417020
_c495.00
035 _aHN-99014
037 _bDBAD/PUB
082 _a920
100 _aशर्मा,राकेश
_961495
245 _aदेश के गौरव भारत रतन/
_cराकेश शर्मा
260 _aदिल्ली
_bजाह्नवी प्रकाशन
_c2021
270 _aए-71 विवेक विहार फेज -2
_bदिल्ली
_e110095
300 _a232 पृ.;
_c22 सेमी.(सजिल्द)
942 _2ddc
_cHN
_h920
_mशर्मारा
999 _c200474
_d200474